000 01189nam a2200313 i 4500
001 000028083
003 DO-SdBNP
005 20260526105127.0
007 ta
008 110406s2001 dr ac 001 0 spa d
040 _aDO-SdBNP
_bspa
_cBNPHU
_erda
041 _aspa
082 4 _a929.6097293
_bG633s 2001
_222
100 1 _aGómez Ramírez, Wilson S.,
_d1953-
_eautor
_4aut.
_946083
245 1 0 _aSimbología patriótica de la República Dominicana /
_cWilson Gómez.
250 _aprimera edición
264 1 _aSanto Domingo, República Dominicana :
_bEditorial Claridad,
_c2001.
300 _a88 páginas :
_bilustraciones, facsímils, retratos ;
_c21 cm.
336 _atexto
_btxt
_2rdacontent
337 _asin mediación
_bn
_2rdamedia
338 _avolumen
_bnc
_2rdacarrier
505 _aLa Bandera Nacional --
_tEl Escudo Nacional --
_tEl Himno Nacional Dominicano.
590 _aInventariado, 2024/BT
650 7 _aEmblemas nacionales
_zRepública Dominicana
_2LEMB
_910404
650 7 _aBanderas
_zRepública Dominicana
_2LEMB
_955099
650 7 _aEscudos nacionales
_zRepública Dominicana
_2LEMB
_955100
910 _aValidado. Control de calidad EMS.
942 _2ddc
_cLBS1
999 _c27575
_d27575